000 00368nam a2200157Ia 4500
001 8775
003 IN-NITTTR
005 20251114233041.0
008 251113s9999||||xx |||||||||||||| ||eng||
040 _beng
040 _cIN-NITTTR
041 _aeng
082 _a371.122 U3T
245 0 _aTechnical and vocational teacher education and training /
942 _2ddc
_cBK
999 _c11412
_d11412